| 000 | 00774aam a2200289 4500 | ||
|---|---|---|---|
| 005 | 20251105165911.0 | ||
| 008 | 150721b1996 xxu||||| |||| 00| 0 spa d | ||
| 020 | _a9506791724 | ||
| 041 | _aESP | ||
| 082 | _a363.256 B715p | ||
| 100 |
_aBonilla, Carlos E _914242 |
||
| 245 | _aLa pericia en la investigación: Informe técnico | ||
| 260 | _aArgentina | ||
| 260 | _bUniversidad | ||
| 260 | _c1996 | ||
| 300 | _a279 páginas | ||
| 490 | _aInvestigación Criminal | ||
| 650 | _aINVESTIGACIÓN CRIMINAL | ||
| 650 | _aPERICIAS ACCIDENTOLÓGICAS | ||
| 650 | _aPERICIA DACTILOSCÓPICA | ||
| 650 | _aPRUEBAS | ||
| 650 | _aPERICIA DE RASTROS | ||
| 650 | _aPERICIA BALÍSTICA | ||
| 650 | _aPERICIA DOCUMENTAL | ||
| 650 | _aPERICIA CALIGRÁFICA | ||
| 942 |
_cBK _2ddc |
||
| 999 |
_c128 _d128 |
||